000 00774cam a2200253 a 4500
005 20260322212048.0
008 data
010 _a 00550514
020 _a1577941640
020 _a9781577941644
040 _aBYN
_cBYN
_dDLC
_dDLC
042 _alccopycat
050 0 0 _aBV4598.2
_b.M49 1999
082 0 0 _a248.4
_221
092 _a248.4 M49 1999
100 1 _aMeyer, Joyce,
_d1943-
245 1 0 _aHow to succeed at being yourself :
_bfinding the confidence to fulfill your destiny /
_cJoyce Meyer.
260 _aTulsa, Okla. :
_bHarrison House,
_cc1999.
300 _a260 p. ;
_c24 cm.
504 _aIncludes bibliographical references.
650 0 _aSelf-actualization (Psychology)
_xChristianity.
_xChristianity.
650 0 _aSpiritual life
_xChristianity.
001 data
999 _c1130
_d1130